[Event "Borup op 5th"]
[Site "Borup"]
[Date "2010.09.11"]
[Round "8"]
[White "Andersen, Daniel"]
[Black "Christensen, John"]
[Result "1-0"]
[WhiteElo "1940"]
[BlackElo "2106"]
[PlyCount "83"]
[EventDate "2010.09.03"]
[EventType "swiss"]
[EventRounds "9"]
[EventCountry "DEN"]
[SourceTitle "CBM 138 Extra"]
[Source "ChessBase"]
[SourceDate "2010.10.29"]
[SourceVersion "1"]
[SourceVersionDate "2010.10.29"]
[SourceQuality "1"]

1. c4 b6 2. e4 Bb7 3. Nc3 e6 4. Nge2 d5 5. cxd5 exd5 6. Nxd5 Bxd5 7. exd5 Qxd5 8. Nc3 Qe5+ 9. Be2 Bd6 10. d4 Qf6 11. 0-0 Nd7 12. Bf3 Rd8 13. Ne4 Qf5 14. Nxd6+ cxd6 15. Re1+ Kf8 16. Qe2 Ndf6 17. Bd2 g6 18. Qa6 Qd7 19. Be2 Kg7 20. Bb5 Qf5 21. a4 Ng4 22. Re2 Qd5 23. h3 N4h6 24. Qxa7 Nf5 25. Qxb6 Nge7 26. Bc3 Rb8 27. Qa5 Nh4 28. f3 Nef5 29. Kf2 Nxg2 30. Kxg2 Nh4+ 31. Kh2 Nxf3+ 32. Kg3 Ng5 33. Bc6 Qxa5 34. Bxa5 Ne6 35. Bc3 Rb3 36. d5+ Nd4 37. Rd2 Rxc3+ 38. bxc3 Nb3 39. Rda2 Nxa1 40. Rxa1 Rb8 41. a5 Rb3 42. a6 1-0

[Event "Borup op 5th"]
[Site "Borup"]
[Date "2010.09.03"]
[Round "1"]
[White "Christensen, John"]
[Black "Christensen, Verner"]
[Result "1-0"]
[WhiteElo "2106"]
[BlackElo "1968"]
[PlyCount "103"]
[EventDate "2010.09.03"]
[EventType "swiss"]
[EventRounds "9"]
[EventCountry "DEN"]
[SourceTitle "CBM 138 Extra"]
[Source "ChessBase"]
[SourceDate "2010.10.29"]
[SourceVersion "1"]
[SourceVersionDate "2010.10.29"]
[SourceQuality "1"]

1. Nf3 f5 2. d4 d5 3. c4 e6 4. Nc3 c6 5. b3 Bd6 6. g3 Nf6 7. Bg2 0-0 8. 0-0 Ne4 9. Qc2 Nd7 10. Ne1 Qe8 11. f3 Nxc3 12. Qxc3 Qg6 13. Nd3 Kh8 14. Bf4 Bxf4 15. Nxf4 Qf6 16. e4 dxc4 17. e5 Qf7 18. bxc4 Nb6 19. a4 Rd8 20. a5 Nd7 21. Rfd1 Nf8 22. Nd3 Bd7 23. f4 Rac8 24. Rab1 Be8 25. Nc5 Rb8 26. a6 bxa6 27. Nxa6 Rb6 28. Ra1 Rc8 29. Ra5 Nd7 30. Rda1 Qe7 31. c5 Rb7 32. Nb4 Nf8 33. Ra6 Rbc7 34. Nc2 Bh5 35. Nb4 Be8 36. Bf3 g5 37. fxg5 Ng6 38. Qe3 Qf7 39. Nd3 Rb8 40. Bh5 Rb3 41. Bd1 Rbb7 42. R6a3 Ne7 43. Bf3 Nd5 44. Qd2 Rc8 45. Nb2 f4 46. Nc4 Qg6 47. Nd6 Rb1+ 48. Kf2 Rcb8 49. R1a2 Qxg5 50. Bxd5 fxg3+ 51. hxg3 cxd5 52. Qxg5 1-0

[Event "GER ML-355 email"]
[Site "GER email"]
[Date "2009.??.??"]
[Round "?"]
[White "Christensen, John"]
[Black "Dvorak, Jiri"]
[Result "1/2-1/2"]
[WhiteElo "2090"]
[BlackElo "2139"]
[PlyCount "93"]
[EventDate "2009.??.??"]
[EventType "tourn (corr)"]
[EventRounds "6"]
[EventCountry "GER"]
[SourceTitle "Corr 2011"]
[Source "ChessBase"]
[SourceDate "2010.08.31"]
[SourceVersion "1"]
[SourceVersionDate "2010.08.31"]
[SourceQuality "1"]

1. e4 c5 2. Nf3 d6 3. d4 cxd4 4. Nxd4 Nf6 5. Nc3 a6 6. Bg5 e6 7. Qf3 Nbd7 8. 0-0-0 Qc7 9. Qg3 b6 10. Be2 Bb7 11. Rhe1 b5 12. a3 Rc8 13. f3 Be7 14. Bxf6 Nxf6 15. Qxg7 Rg8 16. Qh6 Rxg2 17. Kb1 Rg6 18. Qd2 Qb6 19. f4 Nxe4 20. Nxe4 Bxe4 21. Bxb5+ axb5 22. Rxe4 b4 23. a4 Qa5 24. b3 Kf8 25. Nb5 d5 26. Re2 Bf6 27. f5 exf5 28. Rf1 d4 29. Nd6 Rb8 30. Nxf5 Qd5 31. Ka2 d3 32. Ref2 Bc3 33. Ne3 Qd6 34. Rxf7+ Kg8 35. Qxd3 Qxd3 36. cxd3 Rd8 37. Nc4 Rxd3 38. R7f2 Kg7 39. Nb2 Rh3 40. Re2 Rgh6 41. Rff2 Rd6 42. Rf5 Rdh6 43. Rg2+ Rg6 44. Rff2 Rxg2 45. Rxg2+ Kf7 46. Re2 Rf3 47. Nd1 1/2-1/2

[Event "GER ML-354 email"]
[Site "GER email"]
[Date "2009.??.??"]
[Round "?"]
[White "Christensen, John"]
[Black "Johnson, Victor L"]
[Result "1/2-1/2"]
[WhiteElo "2090"]
[BlackElo "1899"]
[PlyCount "76"]
[EventDate "2009.??.??"]
[EventType "tourn (corr)"]
[EventRounds "6"]
[EventCountry "GER"]
[SourceTitle "Corr 2011"]
[Source "ChessBase"]
[SourceDate "2010.08.31"]
[SourceVersion "1"]
[SourceVersionDate "2010.08.31"]
[SourceQuality "1"]

1. e4 e5 2. Nf3 Nc6 3. Bc4 Bc5 4. c3 Nf6 5. d3 a6 6. Bg5 h6 7. Bh4 d6 8. Nbd2 Ba7 9. a4 Qe7 10. 0-0 0-0 11. Re1 Be6 12. b4 Bxc4 13. Nxc4 g5 14. Bg3 Qe6 15. b5 Ne7 16. Rb1 Nd7 17. bxa6 bxa6 18. Rb7 Rfc8 19. Qc2 Nc6 20. Rbb1 Rab8 21. h3 Kg7 22. Ncd2 Bb6 23. Rb2 Qg6 24. d4 exd4 25. cxd4 Nxd4 26. Nxd4 Bxd4 27. Rxb8 Nxb8 28. Nf3 Bb6 29. Qc3+ Kg8 30. e5 Qf5 31. Qc4 Re8 32. a5 Bc5 33. Kh2 Nc6 34. Qxa6 Nd4 35. Nxd4 Bxd4 36. Qc6 Qe6 37. Qxc7 dxe5 38. Qb7 Re7 1/2-1/2

[Event "Baltic Sea Cup"]
[Site "Bornholm"]
[Date "2008.08.06"]
[Round "10"]
[White "Christensen, John"]
[Black "Thjomoe, Hans Richard"]
[Result "1-0"]
[WhiteElo "2116"]
[BlackElo "1735"]
[PlyCount "89"]
[EventDate "2008.07.29"]
[EventType "swiss"]
[EventRounds "10"]
[EventCountry "DEN"]
[SourceTitle "CBM 125 Extra"]
[Source "ChessBase"]
[SourceDate "2008.09.01"]
[SourceVersion "1"]
[SourceVersionDate "2008.09.01"]
[SourceQuality "1"]

1. Nf3 Nf6 2. c4 g6 3. Nc3 Bg7 4. g3 c5 5. Bg2 Nc6 6. d4 cxd4 7. Nxd4 Qb6 8. e3 Nxd4 9. exd4 d6 10. 0-0 0-0 11. h3 h5 12. Re1 Re8 13. Bg5 Qxb2 14. Nb5 Bf5 15. Nc7 Kf8 16. Nxa8 Rxa8 17. Qb3 Qxd4 18. Be3 Qe5 19. Bf4 Qc5 20. Qxb7 Re8 21. Rac1 Bd7 22. Be3 Qf5 23. Bxa7 g5 24. Qb1 Qa5 25. Bd4 e5 26. Bc3 Qa7 27. Bb4 e4 28. Bxd6+ Kg8 29. c5 Bc6 30. Rc2 Qa8 31. Ree2 e3 32. Bxc6 exf2+ 33. Kxf2 Rxe2+ 34. Rxe2 Qxc6 35. Qe1 Qd5 36. Kg1 Kh7 37. Kh2 h4 38. g4 Qf3 39. Qf2 Qd3 40. Qf5+ Qxf5 41. gxf5 g4 42. hxg4 Nxg4+ 43. Kh3 Nh6 44. Rf2 Bc3 45. c6 1-0

[Event "Baltic Sea Cup"]
[Site "Bornholm"]
[Date "2008.08.04"]
[Round "8"]
[White "Christensen, John"]
[Black "Andersen, Dag"]
[Result "1-0"]
[WhiteElo "2116"]
[BlackElo "1944"]
[PlyCount "107"]
[EventDate "2008.07.29"]
[EventType "swiss"]
[EventRounds "10"]
[EventCountry "DEN"]
[SourceTitle "CBM 125 Extra"]
[Source "ChessBase"]
[SourceDate "2008.09.01"]
[SourceVersion "1"]
[SourceVersionDate "2008.09.01"]
[SourceQuality "1"]

1. Nf3 Nf6 2. g3 g6 3. Bg2 Bg7 4. 0-0 d6 5. d4 0-0 6. c4 Nbd7 7. Nc3 c5 8. e4 cxd4 9. Nxd4 Ne5 10. b3 Bd7 11. h3 Rb8 12. Be3 a6 13. a4 Nc6 14. Nc2 b6 15. Rb1 Qc7 16. Qd2 Na5 17. Nb4 Bc8 18. Ncd5 Qd8 19. Nxf6+ Bxf6 20. Nd5 b5 21. Nxf6+ exf6 22. Bf4 bxc4 23. Qxd6 Rb7 24. Qxd8 Rxd8 25. e5 Rxb3 26. exf6 Rxb1 27. Rxb1 Nb3 28. Bc7 Rd2 29. Re1 Be6 30. Bf4 Rd8 31. Re3 Nc5 32. a5 Nd3 33. Bf1 Nxf4 34. gxf4 h5 35. f5 gxf5 36. Rg3+ Kh7 37. Bg2 Rg8 38. Rc3 f4 39. Kf1 Kg6 40. Bb7 Bxh3+ 41. Rxh3 Kxf6 42. Rxh5 Rb8 43. Be4 Ke7 44. Rc5 Rb4 45. f3 Kd7 46. Ke1 Ra4 47. Kd2 Ra1 48. Kc2 Ra3 49. Kb2 Rb3+ 50. Ka2 Rb4 51. Ka3 Rb3+ 52. Ka4 Rb2 53. Rxc4 f5 54. Bxf5+ 1-0

[Event "Baltic Sea Cup"]
[Site "Bornholm"]
[Date "2008.08.02"]
[Round "6"]
[White "Christensen, John"]
[Black "Urkedal, Frode Olav Olsen"]
[Result "0-1"]
[WhiteElo "2116"]
[BlackElo "2299"]
[PlyCount "62"]
[EventDate "2008.07.29"]
[EventType "swiss"]
[EventRounds "10"]
[EventCountry "DEN"]
[SourceTitle "CBM 125 Extra"]
[Source "ChessBase"]
[SourceDate "2008.09.01"]
[SourceVersion "1"]
[SourceVersionDate "2008.09.01"]
[SourceQuality "1"]

1. Nf3 Nf6 2. c4 c5 3. Nc3 b6 4. g3 Bb7 5. Bg2 e6 6. 0-0 Be7 7. d4 cxd4 8. Nxd4 Bxg2 9. Kxg2 0-0 10. e4 Qc7 11. Qe2 d6 12. Kg1 a6 13. Bd2 Nbd7 14. Rac1 Rac8 15. b3 Rfe8 16. Be3 Qb7 17. f3 Bf8 18. g4 g6 19. Qd2 Rc7 20. Nde2 Rec8 21. Bd4 b5 22. cxb5 axb5 23. a4 bxa4 24. bxa4 Ne5 25. a5 Nfd7 26. Rb1 Qa6 27. Ra1 Nc5 28. Bxe5 dxe5 29. Rfb1 Rd7 30. Qc2 Nd3 31. Rb6 Bc5+ 0-1

[Event "Dianalund"]
[Site "Dianalund"]
[Date "2000.??.??"]
[Round "4"]
[White "Bromann, Thorbjorn"]
[Black "Christensen, John"]
[Result "1-0"]
[WhiteElo "2297"]
[BlackElo "2185"]
[PlyCount "45"]
[EventDate "2000.??.??"]
[EventType "tourn"]
[EventRounds "9"]
[EventCountry "DEN"]
[EventCategory "3"]
[SourceTitle "EXT 2001"]
[Source "ChessBase"]
[SourceDate "2000.11.22"]
[SourceVersion "1"]
[SourceVersionDate "2000.11.22"]
[SourceQuality "1"]

1. e4 Nc6 2. Nf3 d5 3. exd5 Qxd5 4. Nc3 Qa5 5. Bc4 e6 6. d4 Bd7 7. Bd2 Qb4 8. Qe2 0-0-0 9. 0-0 Qe7 10. b4 Be8 11. Be3 Nf6 12. b5 Nb4 13. Na4 Nbd5 14. Bd2 Qa3 15. Bb3 Bb4 16. Bc1 Nc3 17. Nxc3 Qa5 18. Ne4 Bxb5 19. c4 Ba6 20. Bg5 Be7 21. Bd2 Qh5 22. Ng3 Qg6 23. Ne5 1-0

[Event "Dianalund"]
[Site "Dianalund"]
[Date "2000.??.??"]
[Round "7"]
[White "Christensen, John"]
[Black "Miezis, Normunds"]
[Result "0-1"]
[WhiteElo "2185"]
[BlackElo "2481"]
[PlyCount "40"]
[EventDate "2000.??.??"]
[EventType "tourn"]
[EventRounds "9"]
[EventCountry "DEN"]
[EventCategory "3"]
[SourceTitle "EXT 2001"]
[Source "ChessBase"]
[SourceDate "2000.11.22"]
[SourceVersion "1"]
[SourceVersionDate "2000.11.22"]
[SourceQuality "1"]

1. Nf3 c5 2. b3 Nc6 3. e3 e5 4. d3 g6 5. Bb2 Bg7 6. Qc1 Nge7 7. Be2 d5 8. Nbd2 0-0 9. e4 f5 10. exd5 Nxd5 11. Nc4 Re8 12. 0-0 b5 13. Ne3 Nf4 14. Re1 Nxe2+ 15. Rxe2 Nd4 16. Re1 Nxf3+ 17. gxf3 Bb7 18. Ng2 Qd5 19. Qe3 f4 20. Qc1 Qxf3 0-1

[Event "Dianalund"]
[Site "Dianalund"]
[Date "2000.??.??"]
[Round "8"]
[White "Christensen, John"]
[Black "Rausis, Igors"]
[Result "0-1"]
[WhiteElo "2185"]
[BlackElo "2486"]
[PlyCount "80"]
[EventDate "2000.??.??"]
[EventType "tourn"]
[EventRounds "9"]
[EventCountry "DEN"]
[EventCategory "3"]
[SourceTitle "EXT 2001"]
[Source "ChessBase"]
[SourceDate "2000.11.22"]
[SourceVersion "1"]
[SourceVersionDate "2000.11.22"]
[SourceQuality "1"]

1. Nf3 g6 2. e4 c5 3. Bc4 Bg7 4. c3 Qc7 5. a4 Nc6 6. Na3 Nf6 7. Qe2 d6 8. h3 0-0 9. d4 cxd4 10. Nb5 Qb6 11. Nbxd4 Nxd4 12. Nxd4 Bd7 13. Be3 Qc7 14. f3 Nh5 15. Rg1 a6 16. g4 Nf6 17. a5 Rac8 18. Bd3 d5 19. e5 Qxe5 20. f4 Qc7 21. f5 e5 22. fxe6 fxe6 23. h4 e5 24. Nf5 gxf5 25. gxf5 e4 26. Qg2 Bxf5 27. Be2 Bg6 28. Qg5 Kh8 29. Bd4 e3 30. h5 Ne4 31. Qxe3 Nxc3 32. bxc3 Rce8 33. Qd2 Rxe2+ 34. Kxe2 Bxh5+ 35. Ke1 Qe7+ 36. Be3 Rf3 37. Kd1 Rxe3+ 38. Kc2 Rxc3+ 39. Qxc3 Bxc3 40. Kxc3 Qc5+ 0-1

[Event "Politiken Cup 18th"]
[Site "Copenhagen"]
[Date "1996.??.??"]
[Round "1"]
[White "Mortensen, Erling"]
[Black "Christensen, John"]
[Result "1-0"]
[WhiteElo "2430"]
[BlackElo "2145"]
[PlyCount "109"]
[EventDate "1996.06.??"]
[EventType "swiss"]
[EventRounds "11"]
[EventCountry "DEN"]
[SourceTitle "CBM 054"]
[Source "ChessBase"]
[SourceDate "1996.10.01"]
[SourceVersion "1"]
[SourceVersionDate "1996.10.01"]
[SourceQuality "1"]

1. e4 d6 2. d4 Nf6 3. Nc3 c6 4. f4 Qa5 5. Bd3 e5 6. Nf3 Bg4 7. Be3 Nbd7 8. 0-0 Qb6 9. Qe1 exf4 10. Na4 Qc7 11. Bxf4 0-0-0 12. c4 h6 13. b4 g5 14. Be3 Bg7 15. Nd2 Bh5 16. h3 Bg6 17. d5 Rhe8 18. dxc6 bxc6 19. Rc1 Nh5 20. c5 d5 21. b5 d4 22. b6 Qb7 23. Nc4 Ne5 24. Nxe5 Bxe5 25. Qa5 Kd7 26. Bd2 Qb8 27. Rf3 a6 28. Qxa6 Bh2+ 29. Kh1 Ng3+ 30. Kxh2 Nxe4+ 31. Bf4 gxf4 32. Qa7+ Ke6 33. Qxb8 Rxb8 34. Rxf4 Kd7 35. Re1 Ra8 36. Nb2 f5 37. a4 h5 38. Rc1 Ra5 39. Rc4 Ke6 40. Rf1 Nxc5 41. Rxd4 Rb8 42. Re1+ Ne4 43. Bc2 c5 44. Rdd1 Rxb6 45. Nc4 Raa6 46. Nxb6 Rxb6 47. a5 Ra6 48. Bb3+ Kf6 49. Ra1 Bf7 50. Bxf7 Kxf7 51. Reb1 c4 52. Rb6 Ra8 53. a6 c3 54. a7 c2 55. Rc6 1-0

[Event "Lovsprings op 05th A"]
[Site "Ringsted"]
[Date "1993.04.16"]
[Round "3"]
[White "Christensen, John"]
[Black "Sivertsen, Palle"]
[Result "1/2-1/2"]
[WhiteElo "2056"]
[BlackElo "2080"]
[PlyCount "46"]
[EventDate "1993.03.26"]
[EventType "swiss"]
[EventRounds "6"]
[EventCountry "DEN"]
[SourceTitle "EXT 2023"]
[Source "ChessBase"]
[SourceDate "2022.10.05"]
[SourceVersion "1"]
[SourceVersionDate "2022.10.05"]
[SourceQuality "1"]

1. Nf3 d6 2. d4 Nf6 3. g3 Nbd7 4. Bg2 e5 5. dxe5 dxe5 6. 0-0 Bc5 7. c3 0-0 8. Qc2 Re8 9. b4 Bb6 10. Bb2 a5 11. Na3 Qe7 12. Nc4 e4 13. Nh4 Qe6 14. Nxb6 Qxb6 15. Nf5 axb4 16. Ne3 bxc3 17. Bxc3 Ra6 18. Rfd1 Qe6 19. Bxf6 Nxf6 20. Qxc7 g6 21. Qc3 Bd7 22. a3 Bc6 23. Nc2 Ra4 1/2-1/2